| 000 | 00473nam a22001937a 4500 | ||
|---|---|---|---|
| 003 | MPLRDC | ||
| 005 | 20220104123542.0 | ||
| 008 | 210129b ||||| |||| 00| 0 eng d | ||
| 020 | _a957-9343-77-2 | ||
| 082 | _a397.483 ZTJ v.4 | ||
| 100 | _a张天钧 | ||
| 245 |
_a荷尔蒙与疾病. 四 _c |
||
| 250 | _a初版一刷 | ||
| 260 |
_a _b健康世界杂志社 _c1994 |
||
| 300 | _b平 | ||
| 490 | _a健康世界丛书. 81 | ||
| 650 | _a | ||
| 942 |
_cBK _o397.483 ZTJ v.4 |
||
| 999 |
_c12322 _d12312 |
||